Política nacional de parques urbanos. Parques sostenibles e inclusivos, integrados a las ciudades y territorios, que contribuyen al bienestar y la calidad de vida de las personas.

Uloženo v:
Podrobná bibliografie
Další autoři: Errázuriz F., Daniel (Editor), Martínez D., Verónica (editora)
Médium: Kniha
Jazyk:angličtina
Vydáno: Santiago, Chile: PNUD, Ministerio de Vivienda y Urbanismo, 2021
Témata:
On-line přístup:Disponible Online - MINVU
Tagy: Přidat tag
Žádné tagy, Buďte první, kdo vytvoří štítek k tomuto záznamu!

MARC

LEADER 00000nam a22000007a 4500
003 CL-VaPUC
005 20220421155252.0
008 220303b2021 ||||| |||| 00| 0 eng d
999 |c 434702  |d 434700 
020 |a 978-956-395-040-3 
040 |c Pontificia Universidad Católica de Valparaíso 
082 0 4 |2 21  |a 711.558 ERR 2021 
100 1 |a Errázuriz F., Daniel  |e editor  |9 866923 
245 1 0 |a Política nacional de parques urbanos.  |b Parques sostenibles e inclusivos, integrados a las ciudades y territorios, que contribuyen al bienestar y la calidad de vida de las personas. 
260 |a Santiago, Chile:  |b PNUD,  |b Ministerio de Vivienda y Urbanismo,  |c 2021 
300 |a 80 páginas 
500 |a C1. Donación Profesor Juan Carlos Jeldes. Memo ARQ 01/2022 01/03/2022 
583 |c 20220303  |k Sebastián Perez 
650 1 |a Parques urbanos  |x Política nacional  |x Urbanismo  |z Chile  |9 867379 
650 1 |a Planificación urbana  |x Espacios públicos  |x Parques nacionales  |z Chile  |9 867380 
700 |a Martínez D., Verónica  |e editora  |9 867357 
856 |u https://www.minvu.gob.cl/wp-content/uploads/2020/05/Libro-de-la-Poli%CC%81tica-Nacional-de-Parques-Urbanos.pdf  |y Disponible Online - MINVU 
942 |2 ddc  |c BK 
952 |0 0  |1 0  |2 ddc  |4 0  |6 711_558000000000000_ERR_2021  |7 0  |8 A  |9 581648  |a BIBARQ  |b BIBARQ  |c GEN  |d 2022-03-03  |e Donación  |i 5649005  |o 711.558 ERR 2021  |p 5649005  |r 2025-01-20  |t 1  |w 2022-03-03  |y BK  |k ARQ